Set 6.5 : TFT - Statistiques

Statistiques générales
  • Ce quiz a été pris 48 fois
  • Le résultat moyen est 79 sur 157
Statistiques - réponses
Hint Réponse % Correct
Synergies Assassin
83%
Combattant | Justicier | Rivale Vi
83%
Synergies Combattant
78%
Ferrailleur | Rivale | Répétiteur Jinx
78%
Répétiteur | Yorlde Corki
74%
Assassin | Séducteur Talon
74%
Challenger | Mutant Kai'sa
70%
Enchanteur | Yorlde Lulu
70%
Synergies Yordle
70%
Ferrailleur Blitzkrank
65%
Garde du corps blitzkrank
65%
Colosse | Combattant | Mutant Cho'gath
65%
Assassin | Ferrailleur | Innovateur Ekko
65%
Innovateur | Justicier | Transformeur Jayce
65%
Erudit | Mutant Kassadin
65%
Garde du corps | Yorlde Poppy
65%
Seigneur Yordle Veigar
65%
Attaquant | Vedette | Yorlde Gnar
61%
Mécanique | Sniper Jhin
61%
Synergies Mutant
61%
Synergies Pègre
61%
Arcaniste | Ferrailleur | Yorlde Ziggs
61%
Garde du corps | Pègre Darius
57%
Colosse | Garde du corps | Vedette Galio
57%
Attaquant | Ferrailleur Irelia
57%
Hextech | Répétiteur Lucian
57%
Arcaniste | Mutant Malzahar
57%
Innovateur | Techno-chimiste Singed
57%
Combattant | Glouton | Mercenaire Tahm Kench
57%
Arcaniste | Yorlde Vex
57%
Erudit | Pègre Zyra
57%
Pègre | Sniper Ashe
52%
Garde du corps | Pègre Braum
52%
Synergies Colosse
52%
Mercenaire | Répétiteur Gangplank
52%
Garde du corps | Séducteur Leona
52%
Synergies Mercenaire
52%
Mercenaire | Sniper Miss Fortune
52%
Erudit | Génie du crime Silco
52%
Challenger | Séducteur Draven
48%
Synergies Hextech
48%
Combattant | Mercenaire Illaoi
48%
Assassin | Mutant Kha'zix
48%
Enchanteur | Vedette Senna
48%
Arcaniste | Hextech Swain
48%
Erudit | Séducteur Syndra
48%
Synergies Techno-chimiste
48%
Combattant | Techno-chimiste Zac
48%
Arcaniste | Pègre Ahri
43%
Ferrailleur | Innovateur Ezreal
43%
Synergies Ferrailleur
43%
Enchanteur | Mécanique Orianna
43%
Attaquant | Mutant Rek'sai
43%
Innovateur | Vedette Seraphine
43%
Attaquant | Hextech Sivir
43%
Synergies Sniper
43%
Assassin | Techno-chimiste Twitch
43%
Synergies Vedette
43%
Arcaniste | Techno-chimiste Viktor
43%
Challenger | Techno-chimiste Warwick
43%
Sniper | Séducteur Zeri
43%
Synergies Arcaniste
39%
Challenger | Mécanique Camille
39%
Synergies Glouton
39%
Synergies Innovateur
39%
Enchanteur | Pègre Morgana
39%
Challenger | Mercenaire Quinn
39%
Erudit | Techno-chimiste Renata Glasc
39%
Synergies Rivale
39%
Synergies Séducteur
39%
Challenger | Techno-chimiste Tryndamere
39%
Innovateur | Mécanique Zilean
39%
Synergies Attaquant
35%
Arcaniste | Séducteur Brand
35%
Synergies Mécanique
35%
Assassin | Hextech Nocturne
35%
Combattant | Hextech | Justicier Sejuani
35%
Colosse | Hextech Alistar
30%
Synergies Challenger
30%
Synergies Enchanteur
30%
Synergies Erudit
30%
Attaquant | Hextech Jarvan IV
30%
Synergies Justicier
26%
Synergies Répétiteur
26%
Justicier | Sniper Caitlin
22%
Synergies Garde du corps
22%
Synergies Seigneur Yordle
22%
Synergies Génie du crime
17%
Synergies Transformeur
4%
Aucun quiz correspondant
Distribution des résultats
% des personnes avec chaque résultat
Percentile par nombre de réponses
Votre historique - résultats
Vous n’avez pas pris ce quiz